MARC

LEADER 00000nam0a2200000 4500
001 106744
005 20231031115024.0
010 |a 5628004391 
035 |a (RuTPU)RU\TPU\book\115267 
090 |a 106744 
100 |a 20061212d1991 k a0rusy5003 ca 
101 0 |a rus 
102 |a KZ 
105 |a a z 001zy 
200 1 |a Металлургия сурьмы  |f И. Р. Полывянный, В. А. Лата  |g АН Казахской ССР; Институт металлургии и обогащения 
210 |a Алма-Ата  |c Гылым  |d 1991 
215 |a 205, [1] с.  |c ил.  |d 21 см 
320 |a Библиогр.: с. 197-202 (100 назв.) 
610 1 |a сурьма 
610 1 |a металлургия 
610 1 |a сурьмяные руды 
610 1 |a свинцовое сырье 
610 1 |a медное сырье 
610 1 |a пылеулавливание 
675 |a 669.75  |z rus 
700 1 |a Полывянный  |b И. Р.  |g Иван Родионович  |4 070 
701 1 |a Лата  |b В. А.  |g Виктор Алексеевич  |4 070 
712 0 2 |a Академия наук Казахской ССР (АН КазССР)  |b Институт металлургии и обогащения (ИМО)  |c (Алма-Ата)  |2 stltpush  |3 (RuTPU)RU\TPU\col\6343 
801 0 |a RU  |b RuMRKP  |c 19950417  |g psbo 
801 1 |a RU  |b 63413507  |c 20061212  |g PSBO 
801 2 |a RU  |b 63413507  |c 20130606  |g PSBO 
942 |c BK